Who Wants to be a Millionaire? Quiz Stats

 Plays Quiz not verified by Sporcle

Support Sporcle.
Go Orange.
Score 0/15 Timer 02:00
0 Plays Today
Question Answer % Correct
????
100%
????
98.7%
????
98%
????
97.4%
????
96.7%
????
93.4%
????
92.7%
????
82.1%
Question Answer % Correct
????
76.8%
????
72.2%
????
68.2%
????
57.6%
????
53%
????
44.4%
????
40.4%

You're not logged in!

Compare scores with friends on all Sporcle quizzes.
OR
Log In

From the Vault

Landlocked and Alone

by ShepherdBook

Sounds like these countries just need a friend.
Remove Ads.
Support Sporcle.
Get the best of Sporcle when you Go Orange. This ad-free experience offers more features, more stats, and more fun while also helping to support Sporcle. Thank you for becoming a member.

Show Comments

Extras

Created Mar 12, 2011ReportNominate
Tags:millionaire

Top Quizzes Today


Score Distribution

Your Account Isn't Verified!

In order to create a playlist on Sporcle, you need to verify the email address you used during registration. Go to your Sporcle Settings to finish the process.

Report this User

Report this user for behavior that violates our Community Guidelines.

Details: